000 00551nam a22001577a 4500
005 2012031604464.0
020 _a8170584019
_c300.00
035 _aA-711558
037 _aDPL
_bENG
100 _aSri Aurobindo
_943841
245 _aSavitri :
_bA legend and a symbol /
_cby Sri Aurobindo
260 _aPondicherry
_bSri Aurobindo Ashram
_c1993
300 _a725p.
_c22 cms.
942 _2ddc
_cEN
_h181.499
_mAUR
999 _c64082
_d64082